000 01972cam a2200361 a 4500
001 3806
003 FISKH
005 20240509155411.0
008 110719s2011 nyua j b 001 0 eng
010 _a 2011027821
020 _a9780545359276
040 _aDLC
_cDLC
_beng
_dFISKH
042 _apcc
043 _an-us-ak
_aa-ja---
050 0 0 _aD769.87.A4
_bS45 2011
082 0 0 _a940.54/28
_223
100 1 _aSeiple, Samantha.
245 1 0 _aGhosts in the fog :
_bthe untold story of Alaska's WWII invasion /
_cby Samantha Seiple.
250 _aFirst Edition
260 _aNew York :
_bScholastic,
_cc2011.
300 _a221 pages :
_billustrations ;
_c21 cm.
504 _aIncludes bibliographical references (p. 200-212) and index.
520 _a"Ghosts in the fog is the first narrative nonfiction book for young adults to tell the riveting story of how the Japanese invaded and occupied the Aleutian Islands in Alaska during World War II. This fascinating little-known piece of American history is told from the point of view of the American civilians who were captured and taken prisoner, along with the American and Japanese soldiers who fought in one of the bloodiest battles of hand-to-hand combat during the war."--Amazon.com.
610 1 0 _aJapan.
_bKaigun
_xHistory
_yWorld War, 1939-1945
_vJuvenile literature.
650 0 _aWorld War, 1939-1945
_xCampaigns
_zAlaska
_zAleutian Islands
_vJuvenile literature.
650 0 _aWorld War, 1939-1945
_zAlaska
_zAleutian Islands
_vJuvenile literature.
651 0 _aAleutian Islands (Alaska)
_xHistory, Military
_y20th century
_vJuvenile literature.
651 0 _aAleutian Islands (Alaska)
_xHistory, Naval
_y20th century
_vJuvenile literature.
651 0 _aAleutian Islands (Alaska)
_xHistory
_y20th century
_vJuvenile literature.
906 _a7
_bcbc
_corignew
_d1
_eocip
_f20
_gy-gencatlg
942 _2ddc
_cBK
_n0
999 _c3806
_d3806